Guess the Horror Movie by Death #2 - Hard Mode - Statistics

General Stats
  • This quiz has been taken 16 times
  • The average score is 3 of 15
Answer Stats
Hint Answer % Correct
Teenage boy is ran over by a living red car on fire Christine
80%
Ancient Egyptian man disintegrates into a skeleton after the scroll keeping him alive is destroyed The Mummy
60%
Man is hacked in the back of the head while sitting on a bench by a creep in a wolf mask Creep
53%
Prison drug addicted is horribly mutilated after overdosing on a suspiciously-glowstick-liquid-like re-agent Beyond Re-Animator
20%
Boy’s head is turned into mush and insects by his pumpkin mask activated by a specific advertisement on the television Halloween III: Season of the Witch
20%
A genie meanie makes a Persian man’s skeleton come alive, who proceeds to rip its way out of the Persian’s flesh Wishmaster
13%
A massive horde of zombies is chopped into tiny, bloody pieces by a helicopter pilot 28 Weeks Later
7%
Old-timey knight is executed when he is reduced to a geyser of blood by a not-quite-zombie chained inside of a pit Army of Darkness
7%
Influencer and serial killer is beaten to death with his own phone by a would-be victim Spree
7%
After being shot repeatedly with a pistol, a rather stubborn zombie finally meets his maker when his head is stomped on Zombieland: Double Tap
7%
Gas station owner is incinerated in an explosion caused by a buxom, horror-obsessed TV hostess cautious about the dangers of smoking Elvira: Mistress of the Dark
0%
Scientist with a super sick eyepatch sacrifices himself to destroy an overgrown radioactive creature from the age of the dinosaurs Godzilla
0%
Skeptic is melted by a little girl possessed by a demon Late Night With The Devil
0%
A psychic, caught in a trance, is ran over by a truck Ring 2
0%
School therapist is beaten to death by a family-obsessed man with a plank of wood The Stepfather
0%
No matching quizzes found
Score Distribution
Percent of People with Each Score
Percentile by Number Answered
Your Score History
You have not taken this quiz